| Tag |
First Indicator |
Second Indicator |
Subfields |
| LEADER |
00000pam a2200000 a 4500 |
| 001 |
in00000089252 |
| 005 |
20151008065359.0 |
| 008 |
791011s1980 nyua j 00010 engm |
| 010 |
|
|
|a 79023109
|
| 020 |
|
|
|a 0374371466 :
|c $13.95
|
| 035 |
|
|
|a (OCoLC)05608057
|
| 035 |
|
|
|9 AAK5847AM
|
| 040 |
|
|
|a DLC
|c DLC
|d m.c.
|d TXA
|d UtOrBLW
|
| 043 |
|
|
|a f-sa---
|
| 049 |
|
|
|a [Curr Col] TXAM
|c [1196836]
|
| 050 |
0 |
0 |
|a DT763
|b .L33 1980
|
| 082 |
0 |
|
|a 968/.004
|
| 100 |
1 |
|
|a Lauré, Jason.
|
| 245 |
1 |
0 |
|a South Africa, coming of age under apartheid /
|c Jason Laure and Ettagale Laure ; photographs by Jason Laure.
|
| 264 |
|
1 |
|a New York :
|b Farrar, Straus, Giroux,
|c 1980.
|
| 300 |
|
|
|a 180 pages :
|b illustrations ;
|c 24 cm.
|
| 336 |
|
|
|a text
|b txt
|2 rdacontent
|
| 337 |
|
|
|a unmediated
|b n
|2 rdamedia
|
| 338 |
|
|
|a volume
|b nc
|2 rdacarrier
|
| 520 |
|
|
|a Interviews with eight South Africans young people of various ethnic background show the effect of apartheid on their lives.
|
| 650 |
|
0 |
|a Youth
|z South Africa
|x Juvenile literature.
|
| 651 |
|
0 |
|a South Africa
|x Race relations
|x Juvenile literature.
|
| 651 |
|
1 |
|a South Africa
|x Race relations.
|
| 700 |
1 |
|
|a Lauré, Ettagale.
|
| 999 |
|
|
|a MARS
|
| 999 |
f |
f |
|s 5f50e926-0b43-3735-a662-6bf6d4db4f3a
|i db260e14-d9ab-32c7-8420-66e889e48d8d
|t 0
|
| 952 |
f |
f |
|p ric
|a Texas A&M University
|b Rellis Campus
|c Joint Library Facility
|d Remote Storage
|t 0
|e DT763 .L33 1980
|h Library of Congress classification
|i unmediated -- volume
|m A14806054096
|
| 998 |
f |
f |
|a DT763 .L33 1980
|t 0
|l Remote Storage
|